Mineral content of unprocessed panel sraps (Record no. 62966)

MARC details
000 -LEADER
fixed length control field 00405nam a2200145Ia 4500
100 ## - MAIN ENTRY--AUTHOR NAME
Personal name Nadarajah M
245 #0 - TITLE STATEMENT
Title Mineral content of unprocessed panel sraps
260 ## - PUBLICATION, DISTRIBUTION, ETC. (IMPRINT)
Name of publisher Rubber Research Institute of Ceylon Quarterly Journal
Year of publication 1964
300 ## - PHYSICAL DESCRIPTION
Number of Pages 13-20
650 ## - SUBJECT ADDED ENTRY--TOPICAL TERM
Topical Term Mineral content
650 ## - SUBJECT ADDED ENTRY--TOPICAL TERM
Topical Term Panel scraps
700 ## - ADDED ENTRY--PERSONAL NAME
Personal name Veerabangsa M T
942 ## - ADDED ENTRY ELEMENTS (KOHA)
Koha item type Journals
Holdings
Withdrawn status Lost status Damaged status Not for loan Home library Current library Shelving location Date acquired Serial Enumeration / chronology Koha item type
      Journals RRII Library RRII Library Soils and agonomy 17/12/2021 Volume 40, Issue 02-Jan Journals